Statistics for English Football Stadia (2015/16)

Click here to take the quiz!

General Stats

  • This quiz has been taken 26 times
    (25 since last reset)
  • The average score is 38 of 92

Answer Stats

Division Club Stadium % Correct
Premier LeagueArsenalEmirates Stadium
94%
Premier LeagueChelseaStamford Bridge
94%
Premier LeagueLiverpoolAnfield
94%
Premier LeagueManchester UnitedOld Trafford
94%
Premier LeagueTottenham HotspurWhite Hart Lane
88%
Premier LeagueAston VillaVilla Park
88%
Premier LeagueEvertonGoodison Park
88%
Premier LeagueManchester CityEtihad Stadium
88%
Premier LeagueWest Ham UnitedBoleyn Ground/Upton Park
88%
Premier LeagueLeicester CityKing Power Stadium
82%
Premier LeagueNewcastle UnitedSt James' Park
82%
Premier LeagueSouthamptonSt Mary's Stadium
82%
Football League TwoExeter CitySt James Park
82%
Premier LeagueSunderlandStadium of Light
82%
Premier LeagueCrystal PalaceSelhurst Park
76%
Premier LeagueNorwich CityCarrow Road
76%
Premier LeagueWest Bromwich AlbionThe Hawthorns
71%
Football League ChampionshipFulhamCraven Cottage
71%
Football League ChampionshipQueens Park RangersLoftus Road
65%
Football League ChampionshipBirmingham CitySt Andrew's Stadium
65%
Premier LeagueStoke CityBritannia Stadium
65%
Premier LeagueSwansea CityLiberty Stadium
65%
Premier LeagueWatfordVicarage Road
59%
Football League ChampionshipBlackburn RoversEwood Park
59%
Football League OneWigan AthleticDW Stadium
59%
Football League ChampionshipLeeds UnitedElland Road
59%
Football League ChampionshipSheffield WednesdayHillsborough
59%
Football League ChampionshipHull CityKC Stadium
59%
Football League ChampionshipCharlton AthleticThe Valley
59%
Football League ChampionshipMiddlesbroughRiverside Stadium
53%
Football League OneBradford CityValley Parade
53%
Football League ChampionshipDerby CountyPride Park/iPro Stadium
53%
Football League ChampionshipBurnleyTurf Moor
53%
Football League OneMillwallThe Den
53%
Football League ChampionshipRotherham UnitedNew York Stadium
53%
Football League OneCoventry CityRicoh Arena
47%
Football League TwoPortsmouthFratton Park
47%
Premier LeagueAFC BournemouthDean Court/Vitality Stadium
47%
Football League ChampionshipMilton Keynes DonsStadium MK
47%
Football League ChampionshipBrighton and Hove AlbionThe Amex
41%
Football League OneBuryGigg Lane/JD Stadium
41%
Football League ChampionshipBrentfordGriffin Park
41%
Football League ChampionshipWolverhampton WanderersMolineux
41%
Football League OneBlackpoolBloomfield Road
41%
Football League ChampionshipBolton WanderersMacron Stadium
41%
Football League OnePort ValeVale Park
35%
Football League ChampionshipNottingham ForestCity Ground
35%
Football League ChampionshipPreston North EndDeepdale
35%
Football League OneBarnsleyOakwell
35%
Football League ChampionshipIpswich TownPortman Road
35%
Football League ChampionshipReadingMadejski Stadium
35%
Football League ChampionshipCardiff CityCardiff City Stadium
35%
Football League OneBurton AlbionPirelli Stadium
29%
Football League ChampionshipHuddersfield TownJohn Smith's Stadium
29%
Football League TwoNorthampton TownSixfields Stadium
29%
Football League OneFleetwood TownHighbury Stadium
29%
Football League ChampionshipBristol CityAshton Gate
29%
Football League OnePeterborough UnitedLondon Road Stadium
29%
Football League OneSheffield UnitedBramall Lane
29%
Football League TwoYeovil TownHuish Park
24%
Football League TwoLuton TownKenilworth Road
24%
Football League TwoCarlisle UnitedBrunton Park
24%
Football League TwoCambridge UnitedAbbey Stadium
24%
Football League TwoBarnetThe Hive Stadium
24%
Football League OneSwindon TownCounty Ground
24%
Football League OneSouthend UnitedRoots Hall
24%
Football League OneRochdaleSpotland
24%
Football League OneDoncaster RoversKeepmoat Stadium
24%
Football League OneGillinghamPriestfield Stadium
24%
Football League OneOldham AthleticBoundary Park
24%
Football League OneScunthorpe UnitedGlanford Park
18%
Football League TwoBristol RoversMemorial Stadium
18%
Football League OneCrewe AlexandraAlexandra Stadium
18%
Football League TwoWycombe WanderersAdams Park
18%
Football League TwoPlymouth ArgyleHome Park
18%
Football League OneWalsallBescot Stadium
18%
Football League OneShrewsbury TownNew Meadow
18%
Football League TwoOxford UnitedKassam Stadium
18%
Football League TwoAFC WimbledonKingsmeadow
12%
Football League TwoHartlepool UnitedVictoria Park
12%
Football League TwoNotts CountyMeadow Lane
12%
Football League OneChesterfieldProact Stadium
6%
Football League TwoLeyton OrientMatchroom Stadium
6%
Football League TwoNewport CountyRodney Parade
0%
Football League TwoMorecambeGlobe Arena
0%
Football League TwoMansfield TownOne Call Stadium
0%
Football League TwoDagenham and RedbridgeVictoria Road
0%
Football League OneColchester UnitedColchester Community Stadium
0%
Football League TwoStevenageLamex Stadium
0%
Football League TwoCrawley TownBroadfield Stadium
0%
Football League TwoAccrington StanleyWham Stadium
0%
Football League TwoYork CityBootham Crescent
0%

Score Distribution

Percentile by Number Answered

Percent of People with Each Score

Your Score History

You have not taken this quiz since the last reset